Schooling disadvantaged children : racing against catastrophe /

Bibliographic Details
Main Author: Natriello, Gary
Other Authors: McDill, Edward L. (Edward Lamar), Pallas, Aaron M.
Format: Book
Language:English
Published: New York : Teachers College Press, Teachers College, Columbia University, [1990]
Subjects:

MARC

Tag First Indicator Second Indicator Subfields
LEADER 00000cam a2200000 a 4500
001 in00000919321
005 20150924150249.0
008 891211s1990 nyua b 00110 eng
010 |a  89077441  
020 |a 0807730149 (pbk. : alk. paper) 
020 |a 0807730157 (alk. paper) 
035 |a (OCoLC)20826673 
035 |9 AEP5546AM 
040 |a DLC  |c DLC  |d TXA  |d UtOrBLW 
043 |a n-us--- 
049 |a TXAM  |c [A13036839] 
050 0 0 |a LC4091  |b .N39 1990 
082 0 0 |a 371.96/7/0973  |2 20 
100 1 |a Natriello, Gary. 
245 1 0 |a Schooling disadvantaged children :  |b racing against catastrophe /  |c Gary Natriello, Edward L. McDill, Aaron M. Pallas. 
264 1 |a New York :  |b Teachers College Press, Teachers College, Columbia University,  |c [1990] 
264 4 |c ©1990 
300 |a xi, 253 pages :  |b illustrations ;  |c 23 cm. 
336 |a text  |b txt  |2 rdacontent 
337 |a unmediated  |b n  |2 rdamedia 
338 |a volume  |b nc  |2 rdacarrier 
504 |a Includes bibliographical references (pages 209-237) and index. 
650 0 |a Children with social disabilities  |x Education  |z United States. 
650 0 |a Federal aid to education  |z United States. 
650 0 |a Educational innovations  |z United States. 
700 1 |a McDill, Edward L.  |q (Edward Lamar) 
700 1 |a Pallas, Aaron M. 
740 0 |a Racing against catastrophe. 
999 |a MARS 
999 f f |s 857e2071-c1aa-3eb6-a2ed-29a0eff7dbc2  |i 324e6f87-64f8-3520-b29b-44a8b6ad3827  |t 0 
952 f f |p normal  |a Texas A&M University  |b College Station  |c Sterling C. Evans Library  |d Evans: Library Stacks  |t 0  |e LC4091 .N39 1990  |h Library of Congress classification  |i unmediated -- volume  |m A14813036839 
998 f f |a LC4091 .N39 1990  |t 0  |l Evans: Library Stacks